00369nam a22001457a 450000500170000000800410001702000180005804000130007608200150008910000160010424500540012026000300017430000090020465000100021320260413154414.0260413b |||||||| |||| 00| 0 eng d a9789697834297 cPK-LaNCA a809.1bANJ aAnjum Altaf aThinking with Ghalib: poetry for a new generation aFolio BooksbLahorec2024 a108p aPoets